[Event "BI-2012-P-00009"]
[Site "LSS email"]
[Date "2012.04.20"]
[Round "?"]
[White "Street, Christin"]
[Black "Lanin, Boris Aleksandrovic"]
[Result "0-1"]
[WhiteElo "913"]
[BlackElo "1897"]
[PlyCount "48"]
[EventDate "2012.04.22"]
[EventType "tourn (corr)"]
[EventRounds "10"]
[EventCountry "GER"]
[SourceTitle "Telechess CBM 165"]
[Source "ChessBase"]
[SourceDate "2015.03.11"]
[SourceVersion "1"]
[SourceVersionDate "2015.03.11"]
[SourceQuality "1"]

1. e4 e5 2. Nf3 Nc6 3. d4 exd4 4. Nxd4 Nf6 5. Nxc6 bxc6 6. e5 Qe7 7. Qe2 Nd5 8. c4 Nb6 9. Nc3 Qe6 10. Qe4 Ba6 11. b3 Bb4 12. Bd2 Bxc3 13. Bxc3 d5 14. Qh4 dxc4 15. Be2 Nd5 16. Bxc4 g5 17. Bxd5 Qxd5 18. Qa4 Bb5 19. Qd4 Qxd4 20. Bxd4 0-0-0 21. 0-0-0 Rhe8 22. Rhe1 Kb7 23. a4 Ba6 24. Kc2 Rd5 0-1

[Event "BI-2012-P-00009"]
[Site "LSS email"]
[Date "2012.04.20"]
[Round "?"]
[White "Street, Christin"]
[Black "Recio Chicharro, Luis"]
[Result "0-1"]
[WhiteElo "913"]
[BlackElo "1308"]
[PlyCount "38"]
[EventDate "2012.04.22"]
[EventType "tourn (corr)"]
[EventRounds "10"]
[EventCountry "GER"]
[SourceTitle "Corr 2015"]
[Source "ChessBase"]
[SourceDate "2015.07.17"]
[SourceVersion "1"]
[SourceVersionDate "2015.07.17"]
[SourceQuality "1"]

1. e4 c5 2. Nf3 Nc6 3. d4 cxd4 4. Nxd4 d6 5. Nc3 Nf6 6. Bg5 h6 7. Bxf6 gxf6 8. Qd2 Bg7 9. Bb5 Bd7 10. Nf5 Bxf5 11. exf5 a6 12. Bxc6+ bxc6 13. 0-0-0 Qd7 14. Rhe1 0-0 15. Qf4 Rab8 16. Rd3 Kh7 17. b3 c5 18. Rde3 Rfe8 19. Nd5 Bf8 0-1

[Event "RN-2012-0-00467"]
[Site "LSS email"]
[Date "2012.04.01"]
[Round "?"]
[White "Street, Christin"]
[Black "Smith, Harry E"]
[Result "1-0"]
[WhiteElo "911"]
[BlackElo "671"]
[PlyCount "35"]
[EventDate "2012.03.18"]
[EventType "tourn (corr)"]
[EventRounds "6"]
[EventCountry "GER"]
[SourceTitle "Telechess CBM 155"]
[Source "ChessBase"]
[SourceDate "2013.07.16"]
[SourceVersion "1"]
[SourceVersionDate "2013.07.16"]
[SourceQuality "1"]

1. e4 e6 2. d4 d5 3. Nd2 Nd7 4. Ngf3 Ndf6 5. e5 Nd7 6. Bd3 c5 7. 0-0 c4 8. Be2 Be7 9. b3 b5 10. c3 Bg5 11. Nxg5 Qxg5 12. Nxc4 Qd8 13. Nd6+ Kf8 14. Ba3 Ne7 15. Bh5 a5 16. Nxf7 Qc7 17. Qf3 Kg8 18. Nh6+ 1-0

[Event "OP-2012-0-02130"]
[Site "LSS email"]
[Date "2012.03.31"]
[Round "?"]
[White "Bienkowski, Alejandro"]
[Black "Street, Christin"]
[Result "1-0"]
[WhiteElo "1787"]
[BlackElo "911"]
[PlyCount "93"]
[EventDate "2012.03.26"]
[EventType "tourn (corr)"]
[EventRounds "4"]
[EventCountry "GER"]
[SourceTitle "Corr 2015"]
[Source "ChessBase"]
[SourceDate "2015.07.17"]
[SourceVersion "1"]
[SourceVersionDate "2015.07.17"]
[SourceQuality "1"]

1. e4 c5 2. Nf3 e6 3. d4 cxd4 4. Nxd4 a6 5. Bd3 Bc5 6. Nb3 Ba7 7. Qe2 d6 8. Be3 Nf6 9. Bxa7 Rxa7 10. c4 0-0 11. 0-0 b6 12. Nc3 Nc6 13. f4 Re8 14. Rad1 e5 15. f5 a5 16. Qe3 Ra8 17. Nd2 Ba6 18. b3 Nb4 19. a3 Nxd3 20. Qxd3 Qc7 21. Nd5 Nxd5 22. exd5 Qc5+ 23. Kh1 Qd4 24. Qg3 f6 25. a4 Kf8 26. Qh3 Kg8 27. Rfe1 Qc5 28. Ne4 Qc7 29. Re3 Rf8 30. Rg3 Qe7 31. Qh5 Ra7 32. Rh3 h6 33. Qg6 Qf7 34. Qg4 Kh8 35. Nxd6 Qd7 36. Ne4 Bc8 37. Rf1 Rc7 38. Qe2 Qd8 39. Qe3 Rb7 40. Rff3 Rff7 41. Rh5 Qf8 42. Rfh3 Kg8 43. Rg3 Kh7 44. Qd2 Bd7 45. Kg1 Rb8 46. Qe3 Be8 47. Rg6 1-0

[Event "OP-2012-0-02130"]
[Site "LSS email"]
[Date "2012.03.31"]
[Round "?"]
[White "Garcia, Javier N"]
[Black "Street, Christin"]
[Result "0-1"]
[WhiteElo "752"]
[BlackElo "911"]
[PlyCount "64"]
[EventDate "2012.03.26"]
[EventType "tourn (corr)"]
[EventRounds "4"]
[EventCountry "GER"]
[SourceTitle "Corr 2015"]
[Source "ChessBase"]
[SourceDate "2015.07.17"]
[SourceVersion "1"]
[SourceVersionDate "2015.07.17"]
[SourceQuality "1"]

1. e4 c5 2. Nf3 d6 3. Bb5+ Bd7 4. Bxd7+ Qxd7 5. 0-0 Nc6 6. d3 e6 7. Be3 Nf6 8. Nc3 Be7 9. a3 0-0 10. Ne2 d5 11. e5 Ng4 12. Bf4 f6 13. exf6 Bxf6 14. c3 Rf7 15. h3 Nge5 16. Nxe5 Nxe5 17. Bxe5 Bxe5 18. f4 Raf8 19. Qb3 Bb8 20. g3 e5 21. Kg2 exf4 22. Nxf4 Bxf4 23. gxf4 Rxf4 24. Rxf4 Rxf4 25. Rf1 Rxf1 26. Kxf1 Qxh3+ 27. Ke2 Qe6+ 28. Kd2 Qh6+ 29. Kc2 Qc6 30. a4 g5 31. c4 d4 32. Qa3 h5 0-1